000 00656nam a2200217 u 4500
005 20250807063853.0
008 160224s19951999 r 000 0 eng d
020 _a968428702X
035 _aUPN01000208387
049 _aCG
050 4 _aHQ769
_bS2.3
100 1 _aSánchez Prieto, Ana
_938731
245 1 0 _aExperiencias de una madre :
_bcómo estimular la inteligencia de tu hijo /
_cAna Sánchez.
260 _aMéxico :
_bMiNos,
_c1995.
300 _a232 p.
440 0 _aSer familia ;
_v24.
_pSerie B : educación temprana
650 4 _aCrianza de niños
_96222
650 2 _aEstimulación temprana
_97970
905 _aLibro
999 _c180488
_d180488